[Event "World-ch Carlsen-Anand +3-0=7"]
[Site "Chennai"]
[Date "2013.11.15"]
[Round "5"]
[White "Carlsen, Magnus"]
[Black "Anand, Viswanathan"]
[Result "1-0"]
[WhiteElo "2870"]
[BlackElo "2775"]
[Annotator "Krasenkow/Mueller,Ka"]
[PlyCount "115"]
[EventDate "2013.11.09"]
[EventType "match"]
[EventRounds "12"]
[EventCountry "IND"]
[SourceTitle "CBM 158"]
[Source "ChessBase"]
[SourceDate "2014.01.16"]
[SourceVersion "1"]
[SourceVersionDate "2014.01.16"]
[SourceQuality "1"]

1. c4 e6 2. d4 d5 3. Nc3 c6 4. e4 dxe4 5. Nxe4 Bb4+ 6. Nc3 {A harmless continuation, examined, beside the main line, in the opening survey in CBM 152.} (6. Bd2 Qxd4 7. Bxb4 Qxe4+ {is the start of major theoretical research here.}) 6... c5 7. a3 Ba5 8. Nf3 Nf6 9. Be3 (9. Be2 cxd4 10. Nxd4 Ne4 11. Ndb5 Qxd1+ 12. Bxd1 Nxc3 13. Nxc3 Bxc3+ 14. bxc3 Bd7 15. a4 Bc6 16. O-O Nd7 17. a5 a6 18. Ba3 {1/2 (18) Babula,V (2590)-Khenkin,I (2603) Germany 2003 CBM 093 [Krasenkow]}) 9... Nc6 (9... Ne4 {is simpler, e.g.} 10. Qc2 Nxc3 11. bxc3 cxd4 12. Bxd4 O-O 13. Bd3 h6 (13... g6 $142) 14. O-O Nc6 15. Rab1 Bc7 16. Be4 Qe7 17. Rfe1 Bd6 18. Qa4 {1-0 (36) Yermolinsky,A (2530)-Shulman,Y (2623) Philadelphia 2008} Rb8 $1 $11) 10. Qd3 (10. dxc5 Bxc3+ 11. bxc3 Qa5 12. Qc2 (12. Qc1 e5) 12... Ng4 13. Qc1 O-O 14. Be2 Nxe3 15. Qxe3 Ne7 16. O-O Nf5 17. Qe4 Qxc5 $11 {1/2 (41) Polgar,Z (2560)-Portisch,L (2580) Budapest 1993}) 10... cxd4 11. Nxd4 Ng4 $1 $11 12. O-O-O Nxe3 13. fxe3 Bc7 $146 {A bit too passive.} (13... Qe7 $5 {A.Korotylev}) ({RR} 13... O-O 14. Nxc6 bxc6 15. Qe4 Qe7 16. Na4 Rb8 17. Be2 Bc7 18. Qxc6 Bb7 19. Qd7 Qxd7 20. Rxd7 Be5 21. Bf3 Ba6 22. Be2 Rfc8 23. Rxa7 Bxc4 24. Bxc4 Rxc4+ 25. Kb1 Re4 26. Re1 Bxh2 27. Nc5 Rg4 28. Re2 {Wang,H (2717)-Ding,L (2766) Huaian 2016 1-0 (38)}) 14. Nxc6 (14. Ndb5 O-O 15. Qc2 Qe7 16. Nxc7 Qxc7 17. Nb5 Qe5 18. Qf2 {A.Korotylev} f6 {[%cal Ye5c5,Yc6e5,Yc8d7]}) 14... bxc6 15. Qxd8+ Bxd8 16. Be2 (16. g3 $5 Bg5 17. Bg2 Bxe3+ 18. Kc2 Bd7 19. Rhe1 Bc5 20. Ne4 Be7 21. c5 $44) 16... Ke7 ({Here, too,} 16... Bg5 {was more to the point.}) 17. Bf3 Bd7 18. Ne4 Bb6 (18... Bc7 19. Nc5 Be8 20. Na6 Be5 21. Rd3 {(A.Korotylev) is dangerous for Black, e.g.} f5 22. Rb3 Rf8 23. Rb7+ Kf6 24. Nb4 {[%csl Ra7,Rc6]}) 19. c5 f5 20. cxb6 fxe4 21. b7 $1 Rab8 22. Bxe4 Rxb7 $14 {A consequence of Vishy Anand's minor inaccuracies. Still, this simplified position should be drawn but it requires accurate defence from Black - something in Magnus Carlsen's style!} 23. Rhf1 Rb5 24. Rf4 (24. Rd4 $5 {was recommended by GM A.Korotylev but it is still nothing special after} a5) 24... g5 25. Rf3 h5 26. Rdf1 Be8 27. Bc2 Rc5 (27... Re5 $5 28. Kd2 Rd5+ 29. Ke2 $6 h4) 28. Rf6 {[%csl Gf6] The activation of this rook is a progress for White but Black's position is still defensible.} h4 29. e4 a5 30. Kd2 Rb5 31. b3 Bh5 32. Kc3 Rc5+ 33. Kb2 Rd8 (33... g4 {[%cal Yg4g3] was simpler:} 34. g3 hxg3 35. hxg3 Be8 {[%cal Gh8h2] A.Korotylev}) 34. R1f2 Rd4 {This active continuation is possible but more complex.} 35. Rh6 (35. Bb1 Kd6 {[%cal Yh5d1]} (35... Bd1 $143 36. Rf8) (35... g4 $5 36. g3 hxg3 37. hxg3 Rd2+ 38. Rxd2 Kxf6) 36. Rf8 Kc7 37. Rh8 Bd1 $132) 35... Bd1 36. Bb1 Rb5 37. Kc3 c5 38. Rb2 e5 39. Rg6 a4 $6 (39... g4 $142 40. Bd3 (40. Rh6 a4 41. bxa4 Rxb2 42. Kxb2 Rd2+ 43. Kc1 Rxg2 44. Kxd1 Rxh2 {, and White must give the bishop back by means of} 45. Bd3 g3 46. Bf1 $11) 40... Rxb3+ 41. Rxb3 Bxb3 42. Rxg4 c4 43. Be2 Kd6 44. Rxh4 Kc5 {with sufficient counterplay}) 40. Rxg5 Rxb3+ 41. Rxb3 Bxb3 {[%mdl 4096]} 42. Rxe5+ Kd6 43. Rh5 Rd1 44. e5+ Kd5 45. Bh7 Rc1+ $6 {The resulting rook ending is still drawn, but matters are very close now.} (45... Ra1 $5 {is much easier, e.g.} 46. Bg8+ (46. Rxh4 Kxe5 $11) 46... Kc6 47. Bxb3 Rxa3 48. Kc4 axb3 49. Rh6+ Kd7 50. Kxc5 Ra2 51. Rb6 Rxg2 $11) 46. Kb2 Rg1 (46... Re1 {is playable as well, e.g.} 47. Bg8+ (47. e6+ Kd6 $11) 47... Kd4 48. Rxh4+ Kd3 49. Rh3+ (49. Bh7+ Kd2 50. Re4 Rxe4 51. Bxe4 c4 52. h4 c3+ 53. Kb1 (53. Ka1 Bc4 54. Kb1 Bd5 $11) 53... Bd5 54. Bc2 Bb3 $11 {and Black draws by eternal hunt - continually offering the exchange of bishops..}) 49... Kd4 50. Bxb3 axb3 51. Rh4+ $1 (51. Kxb3 c4+ 52. Kc2 Re2+ 53. Kd1 Rxg2 54. e6 Rg1+ 55. Ke2 Rg2+ 56. Kf3 Rg6 $11) 51... Kd3 52. Kxb3 {but even here after} Rb1+ 53. Ka2 (53. Ka4 c4) 53... Re1 {Black's passed c-pawn should save him, e.g.} 54. Rh3+ Kd4 55. g4 c4 56. g5 c3 57. Kb3 Rb1+ 58. Kc2 Rb2+ 59. Kc1 Rg2 60. Rh8 Rxg5 61. e6 Rg1+ 62. Kc2 Rg2+ 63. Kb3 Rb2+ 64. Ka4 Rb7 $11) 47. Bg8+ Kc6 48. Rh6+ Kd7 49. Bxb3 axb3 50. Kxb3 Rxg2 51. Rxh4 Ke6 $2 {Now Black's king is too far away from the passed a-pawn.} ({The rook belongs behind the passed pawn:} 51... Re2 $1 {and White can not win, e.g.} 52. a4 (52. Rh5 Re3+ 53. Kc4 (53. Ka4 Kc6 54. Rh6+ Kd5 55. e6 c4 56. h4 c3 57. Kb3 c2+ 58. Kxc2 Rxa3 59. e7 Re3 60. Rh7 Kd6 61. h5 Rxe7 62. Rxe7 Kxe7 63. h6 Kf7 64. h7 Kg7 $11) 53... Rxa3 54. Kxc5 Ke6 55. Kd4 Ra4+ $11) (52. Kc4 Rxe5 53. a4 Kc6 54. Rh6+ Kb7 55. a5 Re4+ 56. Kxc5 Re2 $11) 52... Rxe5 53. Kc4 Kc6 54. Rh6+ Kb7 55. a5 Re4+ 56. Kxc5 Re2 {[%cal Ge2h2] and Black has reached a version of Vancura's draw, e.g.} 57. Kb5 Re5+ 58. Kb4 Re4+ 59. Kc5 Re2 60. h4 Re4 $1 {[%cal Ge4h4] The rook must attack the pawn so that White's rook can not break free.} 61. Kd5 (61. Rb6+ Kc7 62. Rb4 Re5+ $11) 61... Rg4 62. Ke5 Ka7 63. Kf5 Rc4 $1 64. Rh7+ Kb8 65. h5 Rc5+ 66. Kg6 Rc6+ ({Of course not} 66... Rxa5 $2 67. Rf7 $18 {[%cal Gh5h8]}) 67. Kg7 Rc7+ $11) (51... Kc6 $2 52. a4 Re2 53. Rh6+ (53. Kc4 $2 Rxe5 54. Rh6+ Kb7 55. a5 Ka7 56. h4 Re4+ 57. Kxc5 Rf4 $11) 53... Kd5 (53... Kb7 54. e6 $18) 54. a5 c4+ (54... Rxe5 55. a6 Re7 56. h4 c4+ 57. Kb4 Rc7 58. Rh5+ Kd4 59. Ra5 Ra7 60. h5 c3 61. Kb3 Kd3 62. Rd5+ Ke4 63. Rd6 Rc7 64. Kc2 Ke5 65. Rg6 Kf5 66. Rb6 Kg5 67. h6 Kh5 68. Rb3 Kxh6 69. Ra3 Ra7 70. Kxc3 $18) 55. Kb4 Rb2+ 56. Kc3 Rb3+ 57. Kc2 Kxe5 58. a6 Ra3 (58... Kd4 59. Rh4+ Kc5 60. a7 Ra3 61. Rh7 $18) 59. h4 Kd4 (59... Kf5 60. Rc6 Kg4 61. Rxc4+ Kh5 62. Rc6 Kxh4 63. Kb2 Ra5 64. Kb3 Kg5 65. Kb4 Ra1 66. Rc5+ Kf6 67. Ra5 Rb1+ 68. Kc5 Rc1+ 69. Kb6 Rb1+ 70. Rb5 $18) 60. Rd6+ Kc5 61. Rg6 Kd4 62. h5 Ra2+ 63. Kb1 Rh2 64. a7 Rh1+ 65. Ka2 Rh2+ 66. Ka3 Rh1 67. Rg2 Ra1+ 68. Ra2 $18) (51... Rg5 $2 52. Re4 Ke6 53. a4 Rg1 54. a5 Rb1+ 55. Ka2 Rb8 56. a6 Ra8 57. Ra4 Kxe5 58. a7 $18) 52. a4 Kxe5 53. a5 Kd6 (53... Rg7 54. a6 Kd5 55. Ra4 Ra7 56. h4 c4+ 57. Kc3 $18) 54. Rh7 $1 {[%cal Gh7a7,Ga5a7] Magnus Carlsen cuts Black's king off from the queening square a8.} Kd5 (54... Rg8 55. a6 Ra8 56. a7 Kc6 57. h4 Kb6 58. h5 Rxa7 59. Rxa7 Kxa7 60. h6 $18) 55. a6 c4+ 56. Kc3 Ra2 57. a7 Kc5 58. h4 (58. h4 Ra3+ 59. Kb2 Ra6 (59... Rb3+ 60. Ka2 $18) 60. h5 Kb4 61. Rb7+ Kc5 62. h6 Kc6 63. Rg7 Kb6 64. h7 Rxa7 65. Rxa7 Kxa7 66. h8=Q $18) 1-0

[Event "Poikovsky Karpov 11th"]
[Site "Poikovsky"]
[Date "2010.06.02"]
[Round "1"]
[White "Sutovsky, Emil"]
[Black "Jakovenko, Dmitrij"]
[Result "1/2-1/2"]
[WhiteElo "2661"]
[BlackElo "2725"]
[Annotator "Krasenkow,Michal"]
[PlyCount "116"]
[EventDate "2010.06.02"]
[EventType "tourn"]
[EventRounds "11"]
[EventCountry "RUS"]
[EventCategory "18"]
[SourceTitle "CBM 137"]
[Source "ChessBase"]
[SourceDate "2010.07.15"]
[SourceVersion "1"]
[SourceVersionDate "2010.07.15"]
[SourceQuality "1"]

1. d4 d5 2. c4 e6 3. Nc3 Be7 4. cxd5 exd5 5. Bf4 c6 6. Qc2 Bd6 7. Bxd6 Qxd6 8. e3 Ne7 9. Bd3 b6 10. Nf3 Ba6 11. O-O Bxd3 12. Qxd3 O-O 13. e4 Nd7 {For this line - see Carlsen - Jakovenko in CBM 133.} (13... dxe4 $5 14. Nxe4 Qd5) 14. Rfe1 {GM Emil Sutovsky probably came to the conclusion that this move was more promising than} (14. e5 {, although it worked well in the above-mentioned game:} Qe6 15. Rae1 Rfe8 16. Nh4 Ng6 17. Nxg6 Qxg6 18. Qd2 Nf8 19. f4 Qf5 $2 (19... f5) 20. Nd1 f6 21. Ne3 $16 {1-0 Carlsen,M (2772)-Jakovenko,D (2742)/Nanjing 2009/CBM 133/[Krasenkow] (38)}) 14... dxe4 $146 {[%csl Rd4] It is logical to isolate White's d4-pawn. Without the light-squared bishops on the board, it will be rather weak, and Black's control of the d5-square will be an important factor.} (14... Rfe8 15. e5 $1 (15. exd5 $6 Nxd5 16. Rac1 Nf4 17. Qf5 Rxe1+ 18. Rxe1 Ne6 $11 {0-1 Kluwe,M (1421)-Brousek,J (2214)/IECG 2005/Telechess CBM 115 (41)})) ({RR} 14... Rfe8 15. Rac1 dxe4 16. Nxe4 Qd5 17. Nc3 Qd6 18. Qc4 Nf6 19. Ne5 Rf8 20. g4 Rac8 21. h3 Nfd5 22. Ne4 Qh6 23. Qb3 Nf4 24. Kh2 Ned5 25. Qg3 f6 26. Rxc6 Rxc6 27. Nxc6 f5 {0-1 (27) Nakamura,H (2780)-Topalov,V (2749) Saint Louis 2017}) 15. Nxe4 Qg6 ({RR} 15... Qd5 16. Re3 Ng6 17. Nc3 Qd6 18. Rae1 Nf6 19. Ne4 Nxe4 20. Qxe4 c5 21. g3 Rad8 22. dxc5 Qxc5 23. h4 h6 24. Qg4 Rd5 25. b4 Qb5 26. a3 Rfd8 27. Qe4 a5 28. bxa5 bxa5 29. Kg2 Qd7 30. Qc4 {Iljiushenok,I (2491)-Jakovenko,D (2748) Baku 2015 ½-½ (35)}) 16. Rac1 $146 {[%csl Rc6] Black's weak c6 pawn does compensate for White's isolated central pawn but hardly more than that.} ({RR} 16. Qa6 Rfe8 17. Nc3 Qd6 18. Re2 Nf8 19. Ne4 Qc7 20. Rae1 Ne6 21. Nc3 Rad8 22. Qc4 Qd7 23. g3 Kf8 24. Re4 Nd5 25. Ne5 Qd6 26. Qxc6 Nf6 27. R4e3 Nxd4 28. Qxd6+ Rxd6 29. Nc4 Rxe3 30. fxe3 Nf3+ {Yakovich,Y (2526)-Rychagov,A (2545) Chess.com INT 2020 ½-½ (48)}) ({RR} 16. Qa6 Rfe8 17. Nc3 Qd6 18. Re2 Nf8 19. Ne4 Qc7 20. Rae1 Ne6 21. Nc3 Rad8 22. Qc4 Qd7 23. g3 Kf8 24. Re4 Nd5 25. Ne5 Qd6 26. Qxc6 Nf6 27. R4e3 Nxd4 28. Qxd6+ Rxd6 29. Nc4 Rxe3 30. fxe3 Nf3+ {Yakovich,Y (2526)-Rychagov,A (2545) Chess.com INT 2020 ½-½ (48)}) 16... Nd5 {[%csl Gd5][%cal Rd5f4]} 17. Nh4 Qg4 18. Qg3 Qxg3 19. hxg3 Rfc8 20. Re2 (20. Nf5 $5 Rc7 $1 $11) 20... Nf8 21. Nd6 Rc7 22. Rec2 Ne6 23. Nf3 $2 {White overestimates his position and gets into trouble.} (23. Rxc6 $142 Rxc6 24. Rxc6 Nxd4 $11) 23... Rd8 $1 24. Nf5 (24. Rxc6 $2 Rxd6) (24. Ne4 Nb4 25. Rc4 Nxa2 26. R1c2 c5 $1 {[%cal Ra2b4,Rb6b5]}) 24... g6 (24... Nb4 $5 25. Rd2 (25. Rc4 a5 {[%cal Rb6b5]}) 25... Nxa2 26. Rxc6 Nb4 $17 {- Black trades his weak pawn, and White's weakness remains on the board. But the intermediate text move is also strong.}) 25. Ne3 Nb4 $1 26. Rc4 Nxa2 {Black wins a pawn but White obtains counterplay.} (26... a5 $5 27. a3 (27. d5 Nc5 28. dxc6 Nxa2) 27... b5 28. axb4 bxc4 29. bxa5 Nxd4 $17) 27. R1c2 b5 {Here, too, Black had a good alternative:} (27... c5 $5 28. d5 b5 29. Re4 {[%cal Rb2b3]} Nb4 30. dxe6 Nxc2 31. exf7+ Rxf7 32. Nxc2 Rd1+ 33. Nce1 a5 $17 {[%csl Ga5,Gb5,Gc5]}) 28. Rxc6 Rxc6 29. Rxc6 Nb4 $1 (29... Nxd4 30. Ra6) 30. Rc1 Nxd4 (30... a5 $5) 31. Rc7 $1 $132 Nxf3+ (31... a5 32. Nxd4 Rxd4 33. Rc5) (31... a6 32. Ng5 $5 Ne6 33. Nxe6 fxe6 34. Ng4 $132) 32. gxf3 Nd5 $6 {The rook endgame "3 vs 3 + b-pawn" appears to be drawn.} (32... a5 33. Rb7 Rd2 34. Rxb5 Nd3 35. Rxa5 Rxb2 36. Ng4 h5 37. Rd5 $1 $11) ({Probably Black should try} 32... a6 {although after} 33. Ng4 $1 {White creates counterplay against the black king. E.g.} Kf8 (33... Kg7 34. Ne5 Kf6 35. f4) 34. Ne5 Rd1+ 35. Kg2 Nd3 36. Nxf7 (36. Nxd3 Rxd3 37. Ra7 Rd6 $5) 36... Rd2 {The position is sharp but Black retains winning chances.}) 33. Rxa7 Nxe3 34. fxe3 {[%mdl 4096]} Rd3 35. Re7 Kf8 36. Re5 Rb3 37. Kg2 Rxb2+ 38. Kh3 b4 39. Rb5 Ke7 40. Rb7+ Ke6 41. e4 b3 42. f4 h6 43. Rb6+ Kd7 44. e5 Kc7 45. Rb4 Kc6 46. Rb8 Kc5 47. Rb7 Kc6 48. Rb8 Kc5 49. Rb7 Rb1 50. Kg2 Kc4 (50... b2 {is the most important winning attempt. Black will now try to create a passed f-pawn or liquidate into the winning pawn endgame. However, it proves impossible:} 51. Rb8 Kd4 52. Rb7 g5 53. Rb8 gxf4 (53... Kc3 54. Rc8+ Kd3 55. Rb8) 54. gxf4 h5 55. Rb7 h4 56. Rb8 h3+ 57. Kh2 Ke4 58. Rb7 $11) 51. Rxf7 {Now White's passed e5-pawn guarantees him sufficient counterplay.} Re1 52. Rb7 Kc3 53. Rc7+ Kd3 54. Rb7 Kc2 55. Kf2 Re4 56. Kf3 Re1 57. Kf2 Re4 58. Kf3 Re1 1/2-1/2